Trouve ces noms de films avec les images - Statistiques

Statistiques générales
  • Ce quiz a été pris 481 fois
  • Le résultat moyen est 11 sur 16
Statistiques - réponses
Par images Réponse % Correct
Titanic
99%
Barbie
97%
L'âge de glace
93%
Ducobu
91%
Jumanji
91%
Brice de Nice
90%
Annabelle
88%
La planète des singes
84%
Aladin
76%
Taxi
71%
Ghostbusters
50%
Alibi.com
48%
Megan
41%
Scary movie
37%
Saw
26%
Transporteur
22%
Aucun quiz correspondant
Distribution des résultats
% des personnes avec chaque résultat
Percentile par nombre de réponses
Votre historique - résultats
Vous n’avez pas pris ce quiz